| 000 | 00406nam a22001697a 4500 | ||
|---|---|---|---|
| 005 | 20160622110253.0 | ||
| 008 | 160622b xxu||||| |||| 00| 0 eng d | ||
| 020 | _a978-0-07-107775-0 | ||
| 041 | _aeng | ||
| 082 | _b9140 | ||
| 100 |
_aKothari, D.P and Nagrath I.J _92461 |
||
| 245 | _aModern power System Analysis | ||
| 260 | _bTMH | ||
| 300 | _a648 | ||
| 650 |
_aDiploma Engineering _9817 |
||
| 942 | _cBK | ||
| 999 |
_c3496 _d3495 |
||